[Event "CRO-chT"]
[Site "Makarska"]
[Date "1994.??.??"]
[Round "1"]
[White "Jurkovic, Ante"]
[Black "Galic, Kruno"]
[Result "1-0"]
[WhiteElo "2305"]
[BlackElo "2200"]
[PlyCount "53"]
[EventDate "1994.??.??"]
[EventType "team"]
[EventRounds "9"]
[EventCountry "CRO"]
[SourceTitle "EXT 1997"]
[Source "ChessBase"]
[SourceDate "1996.11.15"]
[SourceVersion "1"]
[SourceVersionDate "1996.11.15"]
[SourceQuality "1"]

1. e4 c5 2. Nf3 d6 3. d4 cxd4 4. Nxd4 Nf6 5. Nc3 e6 6. Bc4 Be7 7. Bb3 0-0 8. Qe2 Na6 9. g4 Nc5 10. g5 Nfd7 11. h4 Qa5 12. Bd2 Nxb3 13. Nxb3 Qc7 14. f4 a6 15. f5 b5 16. f6 Bd8 17. fxg7 Kxg7 18. a3 Ne5 19. 0-0-0 Rb8 20. h5 Nc4 21. Bf4 a5 22. g6 Bf6 23. h6+ Kg8 24. gxh7+ Kh8 25. Rdg1 Nxb2 26. Qg2 Nd3+ 27. Kb1 1-0